|
|
|
|
| LEADER |
01079nam a2200265 a 4500 |
| 001 |
708937 |
| 008 |
101010m20101998maua b 001 0 eng d |
| 010 |
|
|
|a 97023418
|
| 020 |
|
|
|a 9788131712917
|
| 020 |
|
|
|a 0201314525 (v. 1)
|
| 040 |
|
|
|a DLC
|c DLC
|d DLC
|d BD-DhAAL
|
| 082 |
0 |
0 |
|a 005.13/3
|2 21
|
| 100 |
1 |
|
|a Sedgewick, Robert,
|d 1946-
|
| 245 |
1 |
0 |
|a Algorithms in C
|n parts 1-5. /
|c Robert Sedgewick.
|
| 250 |
|
|
|a 3rd ed.
|
| 260 |
|
|
|a Reading, Mass. :
|b Addison-Wesley ;
|a New Delhi :
|b Pearson,
|c c1998 [impression 2010]
|
| 300 |
|
|
|a xvii, 702 p. :
|b ill. ;
|c 24 cm.
|
| 504 |
|
|
|a Includes bibliographical references and index.
|
| 541 |
1 |
|
|e 00021233
|
| 505 |
1 |
|
|a [1], pts. 1-4. Fundamentals, data structures, sorting, searching. [2], pt. 5. Graph algorithms.
|
| 650 |
|
0 |
|a C (Computer program language)
|
| 650 |
|
0 |
|a Computer algorithms.
|
| 852 |
4 |
|
|a Ayesha Abed Library
|j General Shelf.
|
| 999 |
|
|
|c 9700
|d 9700
|
| 952 |
|
|
|0 0
|1 0
|2 ddc
|4 0
|6 005_133000000000000_SED_2010
|7 0
|9 12336
|a BRACUL
|b BRACUL
|c GEN
|d 2010-10-10
|l 5
|m 55
|o 005.133 SED
|p 3010021233
|r 2025-06-18
|s 2025-02-17
|t 1
|w 2010-10-10
|y BK
|